000 00586nam a2200193Ia 4500
003 GCL
008 140319s9999 xx 000 0 ara d
040 _aGCL /
_cGCL
082 0 4 _a551.5
_bب ف
100 1 _aعزيز ميلاد فريضه (مترجم)
245 1 0 _aفيزياء السحب /
_cعزيز ميلاد فريضه (مترجم)
700 1 _aبيرى، د . و
700 1 _aسيد عبدالمنعم حسانين (مراجع)
300 _a191 ص
490 _aالالف كتاب
_v0
650 0 4 _aالغلاف الجوى
650 0 4 _aالسحب
942 _2ddc
_cBK
999 _c45948
_d45948